00444 a2200133 450000500170000000800410001702000150005804000740007304100080014710000220015524500780017726000280025565000270028320190806102636.0190527b1983 fr ||||| |||| 00| 0 fre d a2259010059 aCO-BoUCMbspacOscar Ávila (modificó)dOscar Ávila (modificó)0 afre10aPeyrefitte, Alain aQuand la rose se fanera...bdu malentendu á l´espoircAlain Peyrefitte bPlonc1983aParisg1983 7aEconomía política